00863cam a2200217Mi 450000500170000000800410001702000180005803500210007604000500009704100080014710000300015524500730018526001290025830000180038749000250040565000570043065000220048765000550050965100340056465100470059820171031171427.0171031s2008 mx b frb 000 0 spa d a9789681685386 a(OCoLC)690672732 aCO-BoUCMbspacSandra PalaciodSandra Palacio0 aspa1 aMartínez Baracs, Andrea13aUn gobierno de indiosbTlaxcala, 1519-1750cAndrea Martínez Baracs aMéxico, D.F.bFondo de Cultura Economica bCentro de Investigaciones y Estudios Superiores en Antropología Social,c2008 a530 páginas0 aColección historia17aComunidades indígenas zMexicozTlaxcalaxHistoria27aGobierno xIndios27aCulturas indígenas zMexicozTlaxcalay1500-1800 0aTlaxcala (México)xHistoria 0aTlaxcala (México)xPolítica y gobierno